000 00370 a2200157 4500
001 64334
020 _a9788595053144
040 _cAnchieta - Pituba
100 _aSAE Digital
240 1 0 _aSAE questões Enem
_lpor
245 1 0 _aSAE questões Enem
300 _a446
362 0 _a2017
650 4 _a. Vestibulares / Exames de admissão em universidades
942 _cBK
999 _c64334
_d64334